[Event "Hampstead op U2200 04"]
[Site "Hampstead"]
[Date "2013.04.20"]
[Round "1"]
[White "Lalic, Peter"]
[Black "Liang, Jake Z"]
[Result "1/2-1/2"]
[WhiteElo "2130"]
[BlackElo "1691"]
[PlyCount "73"]
[EventDate "2013.04.20"]
[EventType "swiss"]
[EventRounds "5"]
[EventCountry "ENG"]
[SourceTitle "EXT 2014"]
[Source "ChessBase"]
[SourceDate "2013.11.20"]
[SourceVersion "1"]
[SourceVersionDate "2013.11.20"]
[SourceQuality "1"]

1. Nc3 Nf6 2. d4 d5 3. Bg5 Nbd7 4. e3 e6 5. Bd3 c5 6. Nf3 Be7 7. 0-0 0-0 8. Ne5 Ne8 9. Bf4 Nxe5 10. dxe5 f5 11. exf6 Nxf6 12. b3 Bd6 13. Bxd6 Qxd6 14. e4 d4 15. Nb5 Qe7 16. a4 e5 17. Qe2 a6 18. Na3 Qc7 19. Nc4 b6 20. f4 exf4 21. e5 Ng4 22. Qe4 Bf5 23. Qd5+ Qf7 24. Qxf7+ Rxf7 25. Rxf4 Bxd3 26. Rxf7 Kxf7 27. cxd3 Ke6 28. Nxb6 Rb8 29. a5 Nxe5 30. Re1 Re8 31. Nc4 Kf6 32. Nxe5 Rxe5 33. Rc1 Ke6 34. b4 cxb4 35. Rc6+ Kf5 36. Rxa6 b3 37. Rb6 1/2-1/2

[Event "BCF-chT3 1213 (4NCL)"]
[Site "England"]
[Date "2013.03.24"]
[Round "8.96"]
[White "Headlong, Timothy"]
[Black "Lalic, Peter"]
[Result "1/2-1/2"]
[WhiteElo "2163"]
[BlackElo "2130"]
[PlyCount "36"]
[EventDate "2012.11.03"]
[EventType "team-swiss"]
[EventRounds "11"]
[EventCountry "ENG"]
[SourceTitle "EXT 2014"]
[Source "ChessBase"]
[SourceDate "2013.11.20"]
[SourceVersion "1"]
[SourceVersionDate "2013.11.20"]
[SourceQuality "1"]
[WhiteTeam "Brown Jack"]
[BlackTeam "Guildford III"]
[WhiteTeamCountry "ENG"]
[BlackTeamCountry "ENG"]

1. Nf3 Nf6 2. c4 g6 3. Nc3 Bg7 4. e4 c5 5. d4 cxd4 6. Nxd4 0-0 7. Be2 d6 8. 0-0 Nbd7 9. Be3 Nc5 10. f3 a5 11. b3 Be6 12. Qd2 h5 13. Rfe1 Qd7 14. Nd5 Bxd5 15. exd5 Rfe8 16. Rad1 Qc7 17. Kh1 Qb6 18. Nb5 Red8 1/2-1/2

[Event "Hampstead op U2200 03"]
[Site "Hampstead"]
[Date "2013.03.17"]
[Round "4"]
[White "Jyothilal, Narayanan"]
[Black "Lalic, Peter"]
[Result "1-0"]
[WhiteElo "2066"]
[BlackElo "2131"]
[PlyCount "42"]
[EventDate "2013.03.16"]
[EventType "swiss"]
[EventRounds "5"]
[EventCountry "ENG"]
[SourceTitle "EXT 2014"]
[Source "ChessBase"]
[SourceDate "2013.11.20"]
[SourceVersion "1"]
[SourceVersionDate "2013.11.20"]
[SourceQuality "1"]

1. d4 Nf6 2. c4 c5 3. d5 b5 4. cxb5 a6 5. f3 e6 6. e4 exd5 7. e5 Qe7 8. Qe2 Ng8 9. Nc3 Bb7 10. Nh3 Qh4+ 11. g3 Qb4 12. Bd2 Qxb2 13. Rb1 Qc2 14. Rc1 Qb2 15. Nf4 d4 16. Ncd5 Bxd5 17. Nxd5 Ra7 18. b6 Rb7 19. Nc7+ Kd8 20. Bg5+ f6 21. Qxb2 fxg5 1-0

[Event "Hampstead op U2200 03"]
[Site "Hampstead"]
[Date "2013.03.16"]
[Round "3"]
[White "Lalic, Peter"]
[Black "Miu, Marinel"]
[Result "1-0"]
[WhiteElo "2131"]
[BlackElo "1684"]
[PlyCount "93"]
[EventDate "2013.03.16"]
[EventType "swiss"]
[EventRounds "5"]
[EventCountry "ENG"]
[SourceTitle "EXT 2014"]
[Source "ChessBase"]
[SourceDate "2013.11.20"]
[SourceVersion "1"]
[SourceVersionDate "2013.11.20"]
[SourceQuality "1"]

1. Nc3 d5 2. e4 d4 3. Nce2 e5 4. d3 h6 5. f4 Bd6 6. Nf3 Nc6 7. f5 Nb8 8. g4 c5 9. Ng3 Nc6 10. Be2 Qc7 11. Nh5 Bf8 12. g5 hxg5 13. Nxg5 f6 14. Ne6 Bxe6 15. fxe6 0-0-0 16. Bg4 Kb8 17. Qe2 g6 18. Ng3 Re8 19. Bd2 Rh4 20. 0-0-0 Nd8 21. Kb1 Nxe6 22. h3 Bh6 23. Be1 Nf4 24. Qf3 Bg5 25. Ne2 Rh8 26. h4 Bh6 27. Bg3 Nxe2 28. Qxe2 Be3 29. Rdf1 Qc6 30. Rf3 Bh6 31. Rhf1 a5 32. c3 Ka7 33. c4 Rd8 34. Qc2 Bg7 35. R3f2 Ne7 36. Rf3 Qd6 37. a3 Qa6 38. Qa4 Rd6 39. Be1 Kb6 40. Bd7 Nc6 41. Bxc6 bxc6 42. Rg1 Rh6 43. Bd2 Rxh4 44. Rxg6 Bh8 45. Rg8 Rd7 46. Qb3+ Qb5 47. cxb5 1-0

[Event "Hampstead op U2200 03"]
[Site "Hampstead"]
[Date "2013.03.16"]
[Round "1"]
[White "Lalic, Peter"]
[Black "Sloan, Cecil"]
[Result "1-0"]
[WhiteElo "2131"]
[BlackElo "1762"]
[PlyCount "93"]
[EventDate "2013.03.16"]
[EventType "swiss"]
[EventRounds "5"]
[EventCountry "ENG"]
[SourceTitle "EXT 2014"]
[Source "ChessBase"]
[SourceDate "2013.11.20"]
[SourceVersion "1"]
[SourceVersionDate "2013.11.20"]
[SourceQuality "1"]

1. f4 c5 2. b3 Nf6 3. Bb2 g6 4. Bxf6 exf6 5. c4 Bg7 6. Nc3 Na6 7. Rc1 0-0 8. g3 Nc7 9. Bg2 Rb8 10. e3 b6 11. Kf2 Bb7 12. Bxb7 Rxb7 13. Qf3 Rb8 14. Nge2 f5 15. Nd5 Nxd5 16. Qxd5 Qe7 17. Nc3 Bxc3 18. Rxc3 Qe4 19. Rd3 Qxd5 20. Rxd5 Rbd8 21. Rd1 Rfe8 22. d4 cxd4 23. exd4 Re7 24. Rd2 Rc8 25. Rc2 Kf8 26. a4 Ke8 27. Ra2 Kd8 28. a5 Rb8 29. Rb5 Kc7 30. axb6+ axb6 31. Ra7+ Rb7 32. Rxb7+ Kxb7 33. c5 Re6 34. d5 Re4 35. Rxb6+ Kc7 36. d6+ Kc8 37. b4 Rc4 38. Ke3 Rc2 39. h4 Rc3+ 40. Kd4 Rxg3 41. b5 Rg4 42. c6 Rxf4+ 43. Kd5 Rf1 44. c7 Rd1+ 45. Ke5 Re1+ 46. Kf4 Re4+ 47. Kg5 1-0

[Event "BCF-chT3S 1213 (4NCL)"]
[Site "England"]
[Date "2013.02.24"]
[Round "6.115"]
[White "Lalic, Peter"]
[Black "Farkas, Daniel"]
[Result "1/2-1/2"]
[WhiteElo "2131"]
[BlackElo "2108"]
[PlyCount "59"]
[EventDate "2012.11.03"]
[EventType "team-swiss"]
[EventRounds "6"]
[EventCountry "ENG"]
[SourceTitle "EXT 2014"]
[Source "ChessBase"]
[SourceDate "2013.11.20"]
[SourceVersion "1"]
[SourceVersionDate "2013.11.20"]
[SourceQuality "1"]
[WhiteTeam "Guildford III"]
[BlackTeam "Fermented Sharks"]
[WhiteTeamCountry "ENG"]
[BlackTeamCountry "ENG"]

1. d4 d5 2. Bf4 Nc6 3. e3 Nf6 4. Be2 e6 5. Nf3 Bd6 6. Bxd6 cxd6 7. 0-0 0-0 8. h3 a6 9. c3 e5 10. Qb3 Rb8 11. a4 Be6 12. Qa2 Qc7 13. a5 Ne4 14. Nfd2 Nxd2 15. Nxd2 f5 16. Nf3 h6 17. Rfd1 e4 18. Nd2 Qf7 19. f4 exf3 20. Bxf3 g5 21. Rf1 Ne7 22. Rae1 Qg6 23. Qb1 h5 24. Be2 Kg7 25. c4 Rbc8 26. b3 Ng8 27. Bd3 Ne7 28. Qb2 Rf6 29. cxd5 Nxd5 30. Bb1 1/2-1/2